[Event "27th Summer Universiade 2013 Kazan,Russ"]
[Site "Kazan,Russia"]
[Date "2013.07.10"]
[Round "3.30"]
[White "Kim, Minhee"]
[Black "Senanayake, P R."]
[Result "0-1"]
[WhiteElo "1504"]
[BlackElo "1775"]
[PlyCount "86"]
[EventDate "2013.07.09"]

1. e4 c5 2. Nf3 Nc6 3. Nc3 g6 4. d4 cxd4 5. Nxd4 Bg7 6. Be3 Nf6 7. Be2 O-O 8.
Nxc6 bxc6 9. e5 Ne8 10. f4 Rb8 11. Rb1 Qa5 12. O-O d6 13. a3 dxe5 14. b4 Qc7
15. Qd2 exf4 16. Bxf4 e5 17. Bh6 f5 18. Bc4+ Kh8 19. Rbe1 Nf6 20. h3 Re8 21.
Re2 a5 22. b5 Bxh6 23. Qxh6 cxb5 24. Bxb5 Rxb5 25. Nxb5 Qc5+ 26. Kh1 Qxb5 27.
Rfe1 Qc5 28. Qh4 Kg7 29. Qg3 Ne4 30. Qf3 Bb7 31. Rf1 Ba6 32. Rxe4 Bxf1 33. Re1
Ba6 34. Qd1 Bb5 35. Qd2 Bc6 36. Re3 e4 37. Rc3 Qd5 38. Qxd5 Bxd5 39. Rc5 e3 40.
Rxd5 e2 41. c4 e1=Q+ 42. Kh2 Qf2 43. Rd3 Qf4+ 0-1

[Event "27th Summer Universiade in Kazan (Women)"]
[Site "Kazan"]
[Date "2013.07.11"]
[Round "4.1"]
[White "Bodnaruk, Anastasia"]
[Black "Ju, Wenjun"]
[Result "1/2-1/2"]
[WhiteElo "2440"]
[BlackElo "2531"]
[PlyCount "52"]
[EventDate "2013.??.??"]

1. e4 e5 2. Nf3 Nc6 3. Bb5 a6 4. Ba4 Nf6 5. O-O b5 6. Bb3 Bc5 7. a4 Rb8 8. d3
d6 9. axb5 axb5 10. c3 O-O 11. d4 Bb6 12. h3 Ne7 13. Re1 Ng6 14. Nbd2 Bb7 15.
Qc2 Ra8 16. Rb1 Re8 17. d5 c6 18. dxc6 Bxc6 19. Nf1 Ra7 20. Ng3 h6 21. Be3 Bxe3
22. fxe3 Qb6 23. Rbd1 Rd7 24. Kh1 d5 25. exd5 Bxd5 26. Bxd5 Rxd5 1/2-1/2

[Event "27th Summer Universiade in Kazan (Women)"]
[Site "Kazan"]
[Date "2013.07.11"]
[Round "4.2"]
[White "Bulmaga, Irina"]
[Black "Munguntuul, Batkhuyag"]
[Result "1-0"]
[WhiteElo "2403"]
[BlackElo "2452"]
[PlyCount "57"]
[EventDate "2013.??.??"]

1. e4 c5 2. Nf3 Nc6 3. d4 cxd4 4. Nxd4 Qb6 5. Nb3 Nf6 6. Nc3 e6 7. Qe2 Qc7 8.
Bd2 a6 9. f4 d5 10. exd5 Nb4 11. O-O-O Nbxd5 12. f5 Nxc3 13. Bxc3 Qf4+ 14. Kb1
Qxf5 15. g4 Qf4 16. Be5 Qb4 17. Bc7 Bd7 18. g5 Bb5 19. c4 Nd5 20. Ba5 Bxc4 21.
Qxc4 Qxc4 22. Bxc4 Ne3 23. Rc1 Nxc4 24. Rxc4 Be7 25. h4 b5 26. Rc7 Bd6 27. Rb7
h6 28. Rd1 Bg3 29. Bb4 1-0

[Event "27th Summer Universiade in Kazan (Women)"]
[Site "Kazan"]
[Date "2013.07.11"]
[Round "4.3"]
[White "Zhao, Xue"]
[Black "Shen, Yang"]
[Result "1-0"]
[WhiteElo "2553"]
[BlackElo "2405"]
[PlyCount "87"]
[EventDate "2013.??.??"]

1. d4 d5 2. c4 c6 3. Nc3 Nf6 4. e3 g6 5. Nf3 Bg7 6. Bd3 O-O 7. h3 c5 8. O-O
cxd4 9. exd4 Nc6 10. Re1 dxc4 11. Bxc4 e6 12. Bg5 h6 13. Bf4 a6 14. a4 Qb6 15.
Qd2 Rd8 16. Rad1 Qb4 17. Ba2 Kh7 18. Qe3 Bd7 19. g4 Ne7 20. Be5 Ned5 21. Bxd5
Nxd5 22. Nxd5 exd5 23. Qf4 f6 24. Bd6 Qxa4 25. b3 Qxb3 26. Rb1 g5 27. Qg3 Qa4
28. Rxb7 Re8 29. Be7 Bc6 30. Rc7 Rac8 31. Bxf6 Rxe1+ 32. Nxe1 Rxc7 33. Qxc7 Bd7
34. Bxg7 Kxg7 35. Qe5+ Kf7 36. Nf3 Qb5 37. Qh8 a5 38. Qxh6 a4 39. Qxg5 Ke8 40.
Ne5 a3 41. Qg8+ Ke7 42. Qf7+ Kd6 43. Qf8+ Ke6 44. Qxa3 1-0

[Event "27th Summer Universiade in Kazan (Women)"]
[Site "Kazan"]
[Date "2013.07.11"]
[Round "4.4"]
[White "Tan, Zhongyi"]
[Black "Savina, Anastasia"]
[Result "1/2-1/2"]
[WhiteElo "2478"]
[BlackElo "2368"]
[PlyCount "90"]
[EventDate "2013.??.??"]

1. d4 d5 2. c4 e6 3. Nc3 Be7 4. Nf3 Nf6 5. Bg5 h6 6. Bh4 O-O 7. Qc2 Ne4 8. Bxe7
Qxe7 9. Nxe4 dxe4 10. Qxe4 Qb4+ 11. Nd2 Qxb2 12. Rd1 f5 13. Qf4 Nc6 14. e3 e5
15. dxe5 Be6 16. c5 Kh8 17. Bc4 Nxe5 18. Be2 Rad8 19. O-O Ng6 20. Qxc7 Rxd2 21.
Rxd2 Qxd2 22. Bh5 f4 23. e4 f3 24. Bxg6 fxg2 25. Kxg2 Bc4 26. Bf5 Qg5+ 27. Qg3
Bxf1+ 28. Kxf1 Qxg3 29. hxg3 Rd8 30. Be6 Rd1+ 31. Kg2 Rc1 32. Bd5 Rxc5 33. Bxb7
g5 34. Bd5 g4 35. f4 Rc2+ 36. Kg1 Kg7 37. Kf1 h5 38. e5 a5 39. Bb3 Rc3 40. Kf2
Kg6 41. Be6 Rf3+ 42. Kg2 Re3 43. Kf2 Rf3+ 44. Kg2 Re3 45. Kf2 Rf3+ 1/2-1/2

[Event "27th Summer Universiade in Kazan (Women)"]
[Site "Kazan"]
[Date "2013.07.11"]
[Round "4.5"]
[White "Guramishvili, Sopiko"]
[Black "Girya, Olga"]
[Result "0-1"]
[WhiteElo "2421"]
[BlackElo "2437"]
[PlyCount "108"]
[EventDate "2013.??.??"]

1. d4 d5 2. c4 c6 3. Nf3 Nf6 4. Nc3 dxc4 5. e3 b5 6. a4 b4 7. Nb1 Ba6 8. Be2 e6
9. Nbd2 c3 10. bxc3 Bxe2 11. Qxe2 bxc3 12. Nb1 Bb4 13. O-O Qd5 14. Ba3 a5 15.
Rc1 Ne4 16. Ne5 O-O 17. f3 Nf6 18. Nxc3 Qd6 19. Bb2 Nbd7 20. Nd3 Rfc8 21. Rc2
h6 22. Rac1 Nb6 23. Nc5 Qe7 24. Nd1 Nfd7 25. f4 Nxc5 26. dxc5 Nd7 27. Bd4 Ba3
28. Nb2 Rab8 29. Qd3 Bxb2 30. Rxb2 Rxb2 31. Bxb2 Rb8 32. Ba3 Nf6 33. e4 Qb7 34.
Rc4 Qb1+ 35. Qxb1 Rxb1+ 36. Kf2 Ra1 37. Bc1 Nxe4+ 38. Ke3 f5 39. Kd3 Ra2 40.
Rc2 Rxa4 41. Bb2 Ra2 42. Bd4 Rxc2 43. Kxc2 Kf7 44. Kb3 g5 45. Ka4 e5 46. fxe5
Ke6 47. Kxa5 Kd5 48. Ba1 Nxc5 49. Kb6 Nd7+ 50. Kc7 Nxe5 51. Kd8 f4 52. Ke7 Ng6+
53. Kf7 Nh4 54. Bg7 Nxg2 0-1

[Event "27th Summer Universiade in Kazan (Women)"]
[Site "Kazan"]
[Date "2013.07.11"]
[Round "4.7"]
[White "Nakhbayeva, Guliskhan"]
[Black "Kazimova, Narmin"]
[Result "0-1"]
[WhiteElo "2354"]
[BlackElo "2208"]
[PlyCount "70"]
[EventDate "2013.??.??"]

1. d4 Nf6 2. c4 e6 3. Nc3 Bb4 4. e3 O-O 5. Bd3 c5 6. Nf3 Nc6 7. O-O Bxc3 8.
bxc3 d6 9. e4 e5 10. d5 Ne7 11. Ne1 Ng6 12. g3 a6 13. a4 b6 14. Ra2 Re8 15. Ng2
Bd7 16. Re1 Qc7 17. Bg5 Qd8 18. Qf3 Rb8 19. Rb1 Qc8 20. Ne3 Ng4 21. Nf5 Bxf5
22. exf5 e4 23. Bxe4 N6e5 24. Qd1 h6 25. Bf4 Nxc4 26. Qxg4 Rxe4 27. f3 Ne3 28.
Qh5 Rxf4 29. gxf4 Nxd5 30. Rd2 Nf6 31. Qh3 Qe8 32. Rxd6 Qe3+ 33. Kh1 Ne4 34.
Rf1 Nxd6 35. f6 Qe6 0-1

[Event "27th Summer Universiade in Kazan (Women)"]
[Site "Kazan"]
[Date "2013.07.11"]
[Round "4.8"]
[White "Kashlinskaya, Alina"]
[Black "Mader, Manuela"]
[Result "1-0"]
[WhiteElo "2334"]
[BlackElo "2212"]
[PlyCount "55"]
[EventDate "2013.??.??"]

1. e4 c6 2. d4 d5 3. e5 Bf5 4. c4 e6 5. Nc3 Ne7 6. a3 dxc4 7. Bxc4 Nd7 8. Nge2
a6 9. O-O Rc8 10. Ng3 Bg6 11. Ba2 Nb6 12. Nce4 Nf5 13. Nxf5 Bxf5 14. Ng3 Bg6
15. f4 Be7 16. f5 exf5 17. Nxf5 O-O 18. Qb3 Bxf5 19. Rxf5 Qxd4+ 20. Be3 Qe4 21.
Bb1 Qd5 22. Qxb6 g6 23. Ba2 Qe4 24. Rf3 Qxe5 25. Bd4 Qd6 26. Raf1 c5 27. Qxd6
Bxd6 28. Rxf7 1-0

[Event "27th Summer Universiade 2013 Kazan,Russ"]
[Site "Kazan,Russia"]
[Date "2013.07.11"]
[Round "4.9"]
[White "Rogule, Laura"]
[Black "Chirivi C, Jenny Astrid"]
[Result "1-0"]
[WhiteElo "2329"]
[BlackElo "2205"]
[PlyCount "71"]
[EventDate "2013.07.09"]

1. e4 c5 2. Nc3 Nc6 3. g3 g6 4. Bg2 Bg7 5. d3 Rb8 6. Be3 d6 7. Qd2 b5 8. Nge2
Nd4 9. O-O e6 10. Rab1 b4 11. Bxd4 cxd4 12. Nd1 Ne7 13. b3 O-O 14. a3 a5 15.
axb4 axb4 16. Ra1 d5 17. Ra2 Rb5 18. Nb2 Bb7 19. f3 Qb6 20. Rfa1 f5 21. Kh1
fxe4 22. dxe4 dxe4 23. fxe4 Rf2 24. Qd3 Rh5 25. Nf4 Rxg2 26. Kxg2 Rh6 27. Ra6
Bxa6 28. Rxa6 Qb7 29. Nxe6 g5 30. Nc5 Qb8 31. Rxh6 Bxh6 32. Qxd4 Bg7 33. Qc4+
Kh8 34. Nbd3 Bc3 35. Na6 g4 36. Nxb8 1-0

[Event "27th Summer Universiade 2013 Kazan,Russ"]
[Site "Kazan,Russia"]
[Date "2013.07.11"]
[Round "4.10"]
[White "Motycakova, Monika"]
[Black "Stojanovic, Andjelija"]
[Result "0-1"]
[WhiteElo "2135"]
[BlackElo "2302"]
[PlyCount "94"]
[EventDate "2013.07.09"]

1. e4 e5 2. Nf3 d6 3. d4 exd4 4. Nxd4 Nf6 5. Nc3 Be7 6. Bf4 O-O 7. Qd2 Nc6 8.
O-O-O Nxd4 9. Qxd4 Be6 10. f3 Nd7 11. Kb1 Bg5 12. g3 Bf6 13. Qd2 Be5 14. Bxe5
dxe5 15. f4 Nb6 16. Qe3 Qe7 17. Nd5 Bxd5 18. exd5 e4 19. g4 Rad8 20. Bg2 Rfe8
21. Rhe1 Nxd5 22. Qxe4 Qxe4 23. Bxe4 Rxe4 24. Rxe4 Nc3+ 25. bxc3 Rxd1+ 26. Kb2
f5 27. gxf5 Kf7 28. Rc4 c6 29. Rd4 Rxd4 30. cxd4 Kf6 31. c4 Kxf5 32. d5 cxd5
33. cxd5 Kf6 34. a4 Ke7 35. Kc3 Kd6 36. Kc4 b6 37. Kb5 Kxd5 38. Ka6 Kc5 39.
Kxa7 b5 40. axb5 Kxb5 41. Kb7 Kc5 42. Kc7 Kd5 43. Kd7 Ke4 44. Ke6 Kxf4 45. Kf7
g5 46. Kg7 h5 47. Kg6 h4 0-1

[Event "27th Summer Universiade 2013 Kazan,Russ"]
[Site "Kazan,Russia"]
[Date "2013.07.11"]
[Round "4.11"]
[White "Przezdziecka, Marta"]
[Black "Vo, Thi Kim Phung"]
[Result "1/2-1/2"]
[WhiteElo "2297"]
[BlackElo "2199"]
[PlyCount "168"]
[EventDate "2013.07.09"]

1. Nf3 d5 2. g3 c6 3. Bg2 Nf6 4. c4 Bf5 5. Qb3 Qb6 6. d3 e6 7. O-O Nbd7 8. Nc3
Nc5 9. Qxb6 axb6 10. Nd4 Bg6 11. cxd5 Nxd5 12. Nxd5 cxd5 13. Nb5 Kd7 14. Bf4
Be7 15. Be5 f6 16. Bd4 Rhc8 17. f4 Bf7 18. Rfc1 Bd6 19. b4 Na4 20. a3 e5 21.
fxe5 fxe5 22. Be3 Be6 23. Bd2 Rc6 24. Nxd6 Kxd6 25. b5 Rcc8 26. Bb4+ Kd7 27.
Rab1 Rab8 28. h3 Ra8 29. g4 Nc5 30. d4 exd4 31. Rd1 d3 32. exd3 Na4 33. Rd2 Re8
34. Re1 Bf7 35. Rf1 Be6 36. Re2 Nc5 37. Rd2 Nb3 38. Rdf2 Nc5 39. Rf3 Rac8 40.
Rd1 Rc7 41. Rf4 Kc8 42. d4 Na4 43. Re1 Kd7 44. Re5 Rc1+ 45. Kh2 Rc2 46. Kg1
Rc1+ 47. Rf1 Rxf1+ 48. Kxf1 Nb2 49. Bxd5 Nd3 50. Bxe6+ Rxe6 51. Rf5 Rf6 52.
Rxf6 gxf6 53. Ke2 Nf4+ 54. Kf3 Nd5 55. Ke4 Ke6 56. Bd2 Nc7 57. a4 Nd5 58. a5
bxa5 59. Bxa5 b6 60. Be1 Nc7 61. Bf2 Nd5 62. Kd3 Nf4+ 63. Kc4 Nd5 64. Bg1 Nf4
65. Bh2 Nd5 66. Bb8 Ne3+ 67. Kc3 Nd5+ 68. Kd3 Nb4+ 69. Kc4 Nd5 70. Bg3 Ne3+ 71.
Kd3 Nd5 72. h4 Nb4+ 73. Kc4 Nd5 74. Bf2 Nf4 75. g5 fxg5 76. hxg5 Nd5 77. Bg3
Ne3+ 78. Kd3 Nd5 79. Be1 Kf5 80. Bd2 Nc7 81. Kc4 Ke4 82. Bb4 Nd5 83. Bd2 Nc7
84. Bb4 Nd5 1/2-1/2

[Event "27th Summer Universiade 2013 Kazan,Russ"]
[Site "Kazan,Russia"]
[Date "2013.07.11"]
[Round "4.12"]
[White "Kalinina, Olga"]
[Black "Dewi, Aa Citra"]
[Result "1-0"]
[WhiteElo "2292"]
[BlackElo "2138"]
[PlyCount "65"]
[EventDate "2013.07.09"]

1. e4 c5 2. Nf3 d6 3. d4 cxd4 4. Nxd4 Nf6 5. Nc3 e6 6. f4 Nc6 7. Nf3 Be7 8. Bd3
a6 9. a4 b6 10. O-O Bb7 11. Qe1 Nb4 12. Qg3 Nxd3 13. cxd3 O-O 14. f5 exf5 15.
Nd4 f4 16. Qxf4 Nd7 17. Nf5 Ne5 18. Qg3 Ng6 19. Bf4 d5 20. Bc7 Qd7 21. Bxb6
dxe4 22. Bd4 exd3 23. Bxg7 Bc5+ 24. Kh1 Qc6 25. Bd4 f6 26. b4 Bxb4 27. Rab1 Qc4
28. Rxb4 Qxb4 29. Qc7 Bxg2+ 30. Kg1 Ne7 31. Nxe7+ Kh8 32. Rf4 Bh3 33. Ng6+ 1-0

[Event "27th Summer Universiade 2013 Kazan,Russ"]
[Site "Kazan,Russia"]
[Date "2013.07.11"]
[Round "4.13"]
[White "Hallaeva, Bahar"]
[Black "Kulovana, Eva"]
[Result "1-0"]
[WhiteElo "2150"]
[BlackElo "2272"]
[PlyCount "111"]
[EventDate "2013.07.09"]

1. e4 c6 2. c4 d5 3. exd5 cxd5 4. cxd5 Nf6 5. Qa4+ Nbd7 6. Nc3 g6 7. Be2 Bg7 8.
d4 O-O 9. d6 Nb6 10. Qa3 exd6 11. Nf3 Re8 12. O-O a6 13. Bg5 h6 14. Bh4 Bf5 15.
Rfe1 Rc8 16. h3 g5 17. Bg3 Bf8 18. Nd2 Be6 19. Qa5 Rc6 20. Bf3 Nbd5 21. Qxd8
Rxd8 22. Nde4 Rb6 23. Nxf6+ Nxf6 24. Re2 Bg7 25. Rd2 Rd7 26. Re1 Bf8 27. d5 Bf5
28. a3 a5 29. Be2 Re7 30. Rc1 Bd7 31. f3 Rxe2 32. Nxe2 Bg7 33. Rc7 Bb5 34. Bf2
Ra6 35. Nc3 Bd7 36. Bd4 Bf5 37. Rxb7 Ra8 38. Ra7 Re8 39. Rxa5 h5 40. Kf2 g4 41.
hxg4 hxg4 42. Re2 Rc8 43. f4 g3+ 44. Ke1 Ng4 45. Bxg7 Kxg7 46. Kd2 Rc4 47. Ra4
Rc5 48. b4 Rc7 49. b5 Nh2 50. Re1 Bh3 51. b6 Rb7 52. gxh3 g2 53. Ke2 Rxb6 54.
Rb4 Nf1 55. Rxf1 gxf1=Q+ 56. Kxf1 1-0

[Event "27th Summer Universiade 2013 Kazan,Russ"]
[Site "Kazan,Russia"]
[Date "2013.07.11"]
[Round "4.14"]
[White "Mammadyarova, Turkan"]
[Black "De Seroux, Camille"]
[Result "1-0"]
[WhiteElo "2267"]
[BlackElo "2118"]
[PlyCount "55"]
[EventDate "2013.07.09"]

1. e4 c5 2. c3 Nf6 3. e5 Nd5 4. d4 cxd4 5. Nf3 Nc6 6. cxd4 d6 7. Bc4 Nb6 8. Bb3
e6 9. O-O Be7 10. Nc3 O-O 11. a3 a6 12. Qe2 Qc7 13. Qe4 Nd7 14. exd6 Bxd6 15.
Bg5 Re8 16. Ba2 Be7 17. d5 Nc5 18. Qe3 Nd8 19. b4 Nd7 20. dxe6 Nxe6 21. Bxe7
Rxe7 22. Nd5 Qd8 23. Nxe7+ Qxe7 24. Bxe6 fxe6 25. Rac1 Nf6 26. Ne5 Nd5 27. Qc5
Qg5 28. Qxc8+ 1-0

[Event "27th Summer Universiade 2013 Kazan,Russ"]
[Site "Kazan,Russia"]
[Date "2013.07.11"]
[Round "4.15"]
[White "Khalafova, Narmin"]
[Black "Dudas, Eszter"]
[Result "1-0"]
[WhiteElo "2107"]
[BlackElo "2266"]
[PlyCount "73"]
[EventDate "2013.07.09"]

1. e4 e6 2. d4 d5 3. Nd2 Nc6 4. Ngf3 Nf6 5. e5 Nd7 6. Be2 f6 7. exf6 Qxf6 8.
Nf1 Bd6 9. Ne3 O-O 10. O-O h6 11. Ng4 Qe7 12. Re1 Bf4 13. c4 Qf7 14. Bd3 Nf6
15. Bxf4 Nxg4 16. Bg3 Nf6 17. Ne5 Nxe5 18. Bxe5 Bd7 19. c5 Rac8 20. a4 Be8 21.
Bc2 Nd7 22. Bg3 b6 23. b4 a5 24. bxa5 bxc5 25. Qg4 Nf6 26. Qxe6 Qxe6 27. Rxe6
cxd4 28. a6 Nd7 29. Rc6 Ne5 30. Rc5 Nd7 31. Rxc7 Rxc7 32. Bxc7 Bf7 33. Bf5 Nb8
34. a7 Nc6 35. Bb8 Rxb8 36. axb8=Q+ Nxb8 37. a5 1-0

[Event "27th Summer Universiade 2013 Kazan,Russ"]
[Site "Kazan,Russia"]
[Date "2013.07.11"]
[Round "4.16"]
[White "Kulon, Klaudia"]
[Black "Velieva, Hurma"]
[Result "1-0"]
[WhiteElo "2258"]
[BlackElo "1988"]
[PlyCount "57"]
[EventDate "2013.07.09"]

1. c4 Nf6 2. Nc3 e6 3. e3 d5 4. b3 b6 5. Bb2 Bb7 6. f4 c5 7. Nf3 Nc6 8. d3 d4
9. exd4 Nxd4 10. Nxd4 cxd4 11. Ne2 Bb4+ 12. Kf2 Ng4+ 13. Kg1 Ne3 14. Qb1 e5 15.
fxe5 Qg5 16. h4 Qg4 17. Rh3 Nf5 18. Qc1 O-O-O 19. c5 Kb8 20. c6 Rc8 21. Qc4 Bd2
22. Nxd4 Be3+ 23. Rxe3 Nxe3 24. Qa4 Ba8 25. Ba3 Rc7 26. Bd6 Rhc8 27. Rc1 Nf5
28. Nxf5 Qxf5 29. Rc5 1-0

[Event "27th Summer Universiade 2013 Kazan,Russ"]
[Site "Kazan,Russia"]
[Date "2013.07.11"]
[Round "4.17"]
[White "Arabidze, Meri"]
[Black "Soloviova, Lisa"]
[Result "1-0"]
[WhiteElo "2320"]
[BlackElo "2296"]
[PlyCount "125"]
[EventDate "2013.07.09"]

1. d4 f5 2. g3 Nf6 3. Bg2 g6 4. Nf3 Bg7 5. O-O O-O 6. b3 d6 7. Bb2 h6 8. Nbd2
Nbd7 9. c4 c6 10. Qc2 d5 11. b4 e6 12. b5 cxb5 13. cxb5 Ne4 14. a4 a6 15. Rfc1
g5 16. Ba3 Re8 17. Bb2 Rf8 18. Nb3 g4 19. Ne5 Nxe5 20. dxe5 axb5 21. a5 h5 22.
f3 Ng5 23. f4 Ne4 24. Bxe4 fxe4 25. Bd4 Qe8 26. Bb6 h4 27. e3 Rf7 28. Qe2 hxg3
29. hxg3 Bf8 30. Qxg4+ Rg7 31. Qh3 Qg6 32. Kf2 Rh7 33. Qg2 Qg4 34. Rh1 Rxh1 35.
Rxh1 Bd7 36. Nd4 Rc8 37. Qh2 Bg7 38. Qh5 Qxh5 39. Rxh5 b4 40. Rh1 Rc3 41. Rb1
Bf8 42. g4 Kf7 43. f5 Bh6 44. Nxe6 Bxe6 45. fxe6+ Kxe6 46. Rxb4 Rc2+ 47. Kf1
Bg7 48. Bd4 Bxe5 49. Rb6+ Bd6 50. Rxb7 Ra2 51. Ra7 Be7 52. Ra8 Kf7 53. a6 Bf6
54. Bc5 Be7 55. Ra7 Ra1+ 56. Kg2 Rxa6 57. Rxe7+ Kf6 58. Re8 Kf7 59. Rf8+ Ke6
60. Bd4 Ra2+ 61. Kg3 Re2 62. g5 Re1 63. Rf2 1-0

[Event "27th Summer Universiade 2013 Kazan,Russ"]
[Site "Kazan,Russia"]
[Date "2013.07.11"]
[Round "4.18"]
[White "Siradze, Salome"]
[Black "Davletbayeva, Madina"]
[Result "0-1"]
[WhiteElo "2069"]
[BlackElo "2260"]
[PlyCount "126"]
[EventDate "2013.07.09"]

1. d4 Nf6 2. Nf3 e6 3. c4 Bb4+ 4. Bd2 a5 5. g3 d6 6. Bg2 Nbd7 7. Nc3 e5 8. dxe5
dxe5 9. Ng5 O-O 10. O-O Nb6 11. b3 a4 12. Qc2 h6 13. Nge4 Nxe4 14. Nxe4 Bxd2
15. Nxd2 Bg4 16. Ne4 Qe7 17. Nc3 c6 18. h3 Bh5 19. Be4 f6 20. Rfd1 Qb4 21. Bf5
Bf7 22. Ne4 axb3 23. axb3 Rxa1 24. Rxa1 Qe7 25. c5 Nd5 26. Nd6 Be6 27. Ra7 Rb8
28. Bxe6+ Qxe6 29. Qc4 b5 30. Qg4 Qxg4 31. hxg4 Rf8 32. e4 Nb4 33. Rc7 g6 34.
Nb7 Ra8 35. Nd6 Ra1+ 36. Kg2 Rc1 37. Ne8 Nd3 38. Nxf6+ Kf8 39. Nd7+ Ke8 40.
Nf6+ Kf8 41. b4 Rc2 42. Rxc6 Rxf2+ 43. Kg1 Rb2 44. Nd5 Ke8 45. Rb6 Nxb4 46.
Nc7+ Kd7 47. Nxb5 Rb1+ 48. Kg2 Rb2+ 49. Kh3 g5 50. Rxh6 Rc2 51. Nd6 Nd3 52. Nf7
Nf2+ 53. Kg2 Nxg4+ 54. Kf3 Nxh6 55. Nxh6 Ke6 56. Kg4 Rxc5 57. Nf5 Rc4 58. Kf3
g4+ 59. Ke3 Rc3+ 60. Ke2 Rf3 61. Ne3 Rxg3 62. Kf2 Rf3+ 63. Ke2 Rf4 0-1

[Event "27th Summer Universiade 2013 Kazan,Russ"]
[Site "Kazan,Russia"]
[Date "2013.07.11"]
[Round "4.20"]
[White "Rothebarth, Ana Vitoria De Pau"]
[Black "Djukic, Sandra"]
[Result "0-1"]
[WhiteElo "2034"]
[BlackElo "2197"]
[PlyCount "110"]
[EventDate "2013.07.09"]

1. e4 c5 2. Nc3 Nc6 3. f4 g6 4. Nf3 Bg7 5. Bb5 Nf6 6. e5 Ng4 7. h3 Nh6 8. O-O
Nf5 9. Bxc6 dxc6 10. d3 O-O 11. g4 Nd4 12. Ne4 b6 13. c3 Nxf3+ 14. Qxf3 Ba6 15.
Rd1 Qc7 16. Be3 Rad8 17. d4 cxd4 18. cxd4 Bc4 19. Nc3 f6 20. Qg3 Qd7 21. Rd2
Kh8 22. Rad1 Qe6 23. b3 Ba6 24. Kh2 Bb7 25. Rd3 Rd7 26. Bc1 Rfd8 27. Qe3 f5 28.
g5 Kg8 29. Kg3 h6 30. h4 hxg5 31. hxg5 c5 32. Qf2 Kf8 33. Be3 a6 34. R3d2 c4
35. b4 Bd5 36. Rb2 b5 37. Bd2 Kf7 38. Nxd5 Qxd5 39. Bc3 Rh8 40. Qg2 Ke6 41.
Qxd5+ Kxd5 42. Re1 e6 43. Rh2 Rxh2 44. Kxh2 Rb7 45. Kg3 Rb8 46. Kf3 Rh8 47. Kg3
Bf8 48. a3 Be7 49. Bb2 Bd8 50. Bc3 Bb6 51. Bb2 a5 52. Kg2 axb4 53. axb4 Ra8 54.
Re2 Ra2 55. Kf3 Bxd4 0-1

[Event "27th Summer Universiade 2013 Kazan,Russ"]
[Site "Kazan,Russia"]
[Date "2013.07.11"]
[Round "4.21"]
[White "Khulan, Enkhsaikhan"]
[Black "Dolzhykova, Kateryna"]
[Result "1-0"]
[WhiteElo "1866"]
[BlackElo "2296"]
[PlyCount "131"]
[EventDate "2013.07.09"]

1. c4 e5 2. g3 Nf6 3. Bg2 c6 4. d4 exd4 5. Qxd4 d5 6. Nc3 Be6 7. cxd5 cxd5 8.
Nf3 Nc6 9. Qa4 Bc5 10. O-O O-O 11. Ng5 Qb6 12. Nxe6 fxe6 13. Qb5 Ng4 14. Qxb6
Bxb6 15. e3 Nge5 16. Na4 Nf3+ 17. Bxf3 Rxf3 18. Kg2 Raf8 19. Nxb6 axb6 20. b3
e5 21. Ba3 R8f7 22. Rad1 d4 23. exd4 exd4 24. Bb2 d3 25. Bc1 b5 26. Bf4 Nd4 27.
Be3 Nc2 28. Rxd3 Rf8 29. Rc3 Nxe3+ 30. Rxe3 R3f7 31. b4 Rc8 32. Rd1 h6 33. Rd2
Rc4 34. a3 Rc1 35. h4 Ra1 36. h5 Kh7 37. g4 g6 38. hxg6+ Kxg6 39. f3 Rf6 40.
Rd5 Rb6 41. Red3 Rc6 42. Rxb5 Rc2+ 43. Kg3 Rg1+ 44. Kf4 Rc4+ 45. Ke3 Re1+ 46.
Kf2 Re7 47. Kg3 Rc6 48. Rbd5 Ree6 49. b5 Rc4 50. R5d4 Rc2 51. Rd5 Kf6 52. a4
Ra2 53. R3d4 Ra3 54. Rd6 Ra2 55. Rxe6+ Kxe6 56. Rc4 Kd6 57. Kf4 Kd5 58. Re4 Ra3
59. Kg3 b6 60. Rf4 Kc5 61. Rf5+ Kb4 62. Rf6 Ka5 63. Rxh6 Rxa4 64. Rh5 Ra1 65.
Re5 Rg1+ 66. Kf4 1-0

[Event "27th Summer Universiade 2013 Kazan,Russ"]
[Site "Kazan,Russia"]
[Date "2013.07.11"]
[Round "4.22"]
[White "Umudova, Nargiz"]
[Black "Heinatz, Maria"]
[Result "1-0"]
[WhiteElo "2253"]
[BlackElo "1904"]
[PlyCount "53"]
[EventDate "2013.07.09"]

1. e4 c5 2. Nf3 e6 3. d4 cxd4 4. Nxd4 a6 5. Bd3 Nf6 6. O-O Qc7 7. Qe2 d6 8. c4
Be7 9. Nc3 Nbd7 10. f4 b6 11. Bd2 Bb7 12. Rae1 h5 13. b4 O-O-O 14. Nd5 exd5 15.
cxd5 Kb8 16. Rc1 Nc5 17. bxc5 dxc5 18. Bxa6 Rde8 19. Nc6+ Bxc6 20. dxc6 Qxc6
21. e5 Nd7 22. Bb5 Qb7 23. a4 Bd8 24. Ra1 Re7 25. a5 bxa5 26. Bxd7 Qxd7 27.
Rfb1+ 1-0

[Event "27th Summer Universiade 2013 Kazan,Russ"]
[Site "Kazan,Russia"]
[Date "2013.07.11"]
[Round "4.23"]
[White "Senanayake, P R."]
[Black "Martinez, Ayelen"]
[Result "0-1"]
[WhiteElo "1775"]
[BlackElo "2103"]
[PlyCount "74"]
[EventDate "2013.07.09"]

1. d4 Nf6 2. Nf3 g6 3. c4 Bg7 4. Nc3 O-O 5. Bf4 d6 6. e3 Nbd7 7. h3 c5 8. d5 a6
9. a4 Qa5 10. Qd2 Qb4 11. a5 b5 12. Be2 bxc4 13. Ra4 Ne4 14. Rxb4 Nxd2 15. Ra4
Nxf3+ 16. gxf3 Rb8 17. Ra2 Rxb2 18. Rxb2 Bxc3+ 19. Rd2 Bxa5 20. Bxc4 Nb6 21.
Ba2 Bb7 22. e4 f5 23. Ke2 fxe4 24. Rb2 Rxf4 25. fxe4 Rxe4+ 26. Kf3 Ra4 27. Rd1
e6 28. Ke2 Bxd5 29. Bxd5 Nxd5 30. Rb8+ Kg7 31. Rc1 Ra2+ 32. Kf1 Nf4 33. Rb7+
Kh6 34. Rf7 e5 35. Rd1 Bc3 36. Rf6 Bd4 37. Rxd4 Ra1+ 0-1

[Event "27th Summer Universiade 2013 Kazan,Russ"]
[Site "Kazan,Russia"]
[Date "2013.07.11"]
[Round "4.24"]
[White "Mona, Khaled"]
[Black "Battsetseg, Urjinbadam"]
[Result "1/2-1/2"]
[WhiteElo "2100"]
[BlackElo "1703"]
[PlyCount "60"]
[EventDate "2013.07.09"]

1. d4 Nf6 2. Nf3 g6 3. Bf4 d6 4. c4 c5 5. d5 Qb6 6. Qc1 e5 7. Bg5 Bg7 8. Nc3
O-O 9. e4 Nh5 10. Be2 f6 11. Bd2 f5 12. exf5 Bxf5 13. g3 Bg4 14. Ng5 Bxe2 15.
Nxe2 Bf6 16. Ne6 Rf7 17. Nc3 Na6 18. Na4 Nb4 19. Nxb6 Nd3+ 20. Kf1 Nxc1 21.
Nxa8 Nd3 22. Ke2 e4 23. Bc3 Bxc3 24. bxc3 Rxf2+ 25. Ke3 Rf3+ 26. Ke2 Rf2+ 27.
Ke3 Rf3+ 28. Ke2 Rf2+ 29. Ke3 Rf3+ 30. Ke2 Rf2+ 1/2-1/2

[Event "27th Summer Universiade 2013 Kazan,Russ"]
[Site "Kazan,Russia"]
[Date "2013.07.11"]
[Round "4.25"]
[White "Arbona Avila, Zaily M"]
[Black "Garcia Morales, Ivette Ale"]
[Result "0-1"]
[WhiteElo "1540"]
[BlackElo "2072"]
[PlyCount "30"]
[EventDate "2013.07.09"]

1. e4 e6 2. d4 d5 3. e5 c5 4. c3 Nc6 5. Nf3 Bd7 6. Bd3 Rc8 7. O-O cxd4 8. cxd4
Nb4 9. Nc3 Nxd3 10. Qxd3 Qb6 11. b3 Bb4 12. Ne2 Bb5 13. Qd1 Qa6 14. Ng3 Bc3 15.
Rb1 Bd3 0-1

[Event "27th Summer Universiade 2013 Kazan,Russ"]
[Site "Kazan,Russia"]
[Date "2013.07.11"]
[Round "4.26"]
[White "Anusca, Madalina-Maria"]
[Black "Leso, Gorata"]
[Result "1-0"]
[WhiteElo "2042"]
[BlackElo "1665"]
[PlyCount "117"]
[EventDate "2013.07.09"]

1. d4 d5 2. Nf3 Nf6 3. c4 e6 4. g3 b6 5. Bg2 Bb7 6. O-O Nbd7 7. Qc2 Be7 8. b3
O-O 9. Bb2 Rc8 10. cxd5 Nxd5 11. Nc3 c5 12. dxc5 Rxc5 13. Qd2 Nxc3 14. Bxc3 Re8
15. Rad1 Nf6 16. Qxd8 Bxd8 17. Bb4 Rc2 18. Rd2 Rxd2 19. Bxd2 Be7 20. Rc1 Bd6
21. Nd4 Bxg2 22. Kxg2 Kf8 23. Nb5 Bb8 24. Bb4+ Kg8 25. Bd6 a6 26. Bxb8 Rxb8 27.
Nd6 Ne8 28. Nxe8 Rxe8 29. Rc7 Rb8 30. b4 Ra8 31. Rb7 b5 32. a3 g6 33. Rb6 Ra7
34. Kf3 Kg7 35. Ke4 Kf6 36. Kd4 Ke7 37. Kc5 Kd7 38. Rb8 Rc7+ 39. Kb6 Rc6+ 40.
Ka5 Kc7 41. Rf8 f5 42. Rf7+ Kd6 43. Rxh7 Rc3 44. a4 Ra3 45. Kxa6 Kc6 46. a5 Rb3
47. Re7 Kd6 48. Rb7 Rxb4 49. Rxb5 Rc4 50. Rb2 Kc7 51. Ka7 Kc8 52. e3 Rc7+ 53.
Ka6 g5 54. h4 gxh4 55. gxh4 Rh7 56. Rb4 e5 57. Kb6 e4 58. Rc4+ Kd8 59. a6 1-0